不畏浮雲遮望眼
| 資料類型: | 圖書 | 書目號: | 34181 |
Leader xxxxxxxxxx 001 __ PCLIS00034181 005 __ 20040408164451.51 010 0_ |a957-|b平裝|dNT$50 020 __ |acw|b82005151 100 __ |a20040408d2004 0chib0109 e 101 0_ |achi 102 __ |acw 105 __ |aa z 000yy 200 1_ |a不畏浮雲遮望眼|e|f王曾才著|g 205 __ |a初版 210 __ |a臺北市|c中央日報|d民68年 215 0_ |a面|c圖, 表|d公分 225 1_ |a|v 300 __ |a 681 __ |a857.6|b 700 __ |a王|b曾才|4著 702 _1 |a|b|4 801 __ |acw|b本館|c20040408 |